Encyclopedia Of Global Change Environmental Change And Human Society (Record no. 303512)

MARC details
000 -LEADER
fixed length control field 00428nam a2200157Ia 4500
008 - FIXED-LENGTH DATA ELEMENTS--GENERAL INFORMATION
fixed length control field 230718s9999 xx 000 0 und d
041 ## - LANGUAGE CODE
Language code of text/sound track or separate title eng
082 ## - DEWEY DECIMAL CLASSIFICATION NUMBER
Classification number 363.7
Item number GOU
100 ## - MAIN ENTRY--PERSONAL NAME
Personal name Goudie A.S.
245 ## - TITLE STATEMENT
Title Encyclopedia Of Global Change Environmental Change And Human Society
260 ## - PUBLICATION, DISTRIBUTION, ETC. (IMPRINT)
Date of publication, distribution, etc. 2002
Name of publisher, distributor, etc. Oxford
300 ## - PHYSICAL DESCRIPTION
Extent 710
365 ## - TRADE PRICE
Currency code Rs.
Price amount 5140.00
700 ## - ADDED ENTRY--PERSONAL NAME
Personal name Goudie A.S. & Cuff
906 ## - LOCAL DATA ELEMENT F, LDF (RLIN)
d B:1428123-Apr-2002
c OTH
b 771
Holdings
Withdrawn status Lost status Damaged status Not for loan Home library Current library Date acquired Vendor Budget Code Cost, normal purchase price Bill number Total Checkouts Full call number Barcode Date last seen Discount Cost, replacement price Bill Date Koha item type Original Barcode
        Cummins College of Engineering for Women Pune Cummins College of Engineering for Women Pune 16/05/2002 Pradeep Book Distributors OTH 4369.00 14281   363.7 CCEP-BK-14719 18/07/2023 771 5140.00 23/04/2002 Books 014719